Schlechtesten Mannschaften - 2. Bundesliga - Statistiken

Allgemein
  • Dieses Quiz wurde 469 mal gespielt
    325 seit der letzten Aktualisierung
  • Das Durchschnittsergebnis liegt bei 24 aus 54
Antwortstatistiken
Antwort % Korrekt
Dynamo Dresden
85%
VfL Osnabrück
77%
Arminia Bielefeld
76%
Eintracht Braunschweig
75%
SSV Jahn Regensburg
75%
Hansa Rostock
73%
1. FC Kaiserslautern
72%
MSV Duisburg
72%
SV Sandhausen
71%
FC Ingolstadt 04
70%
FC Carl Zeiss Jena
67%
SSV Ulm 1846
67%
Energie Cottbus
66%
SC Paderborn 07
66%
FC Rot-Weiß Erfurt
63%
Karlsruher SC
63%
Fortuna Düsseldorf
60%
FSV Frankfurt
60%
SV Darmstadt 98
60%
SV Wehen Wiesbaden
59%
Würzburger Kickers
59%
SpVgg Unterhaching
58%
OSV Hannover
57%
VfR Aalen
55%
Chemnitzer FC
51%
Wuppertaler SV
48%
VfB Oldenburg
47%
Rot-Weiss Ahlen
45%
SG Wattenscheid 09
45%
Tennis Borussia Berlin
42%
SV Meppen
41%
Rot-Weiss Essen
37%
Sportfreunde Siegen
37%
SpVgg Bayreuth
37%
SV Babelsberg 03
34%
Borussia Neunkirchen
32%
1. FC Schweinfurt 05
30%
SG Union Solingen
30%
Schwarz-Weiß Essen
29%
SSV Reutlingen 05
29%
SV Waldhof Mannheim
27%
VfL Wolfsburg
23%
FC Remscheid
21%
Spandauer SV
19%
BSV Stahl Brandenburg
18%
FK Pirmasens
17%
VfR Mannheim
15%
FSV Salmrohr
13%
FV Würzburg 04
13%
BSV 07 Schwenningen
9%
HSV Barmbek-Uhlenhorst
9%
TuS Schloß Neuhaus
8%
VfB Eppingen
8%
Wacker 04 Berlin
8%
Keine übereinstimmenden Quizze gefunden
Verteilung der Resultate
Anzahl Personen mit jedem Resultat
Perzentil nach korrekt beantworteten Fragen
Ihre Resultats-Entwicklung
Sie haben dieses Quiz seit der letzten Aktualisierung nicht gespielt